000 00484nam a22001577a 4500
003 macl
005 20190829121928.0
008 190829b xxu||||| |||| 00| 0 eng d
040 _cmacl
082 _a800/VID
100 _aमिश्र विद्यानिवास
_976448
245 _aगॉंव का मन
260 _aदिल्‍ली
_bकुंडलिनी पब्लिकेशन
_c2017
650 _aरचनावली
_9163
942 _2ddc
_cHIN
999 _c60874
_d60874